000 00267nam a2200109Ia 4500
008 220204s9999 xx 000 0 und d
082 _a92(HER)
_bHER
100 _aHerriot, James
245 0 _aAll things wise and wonderful
260 _aLondon
_bPan
_c1979
942 _cBK
999 _c38662
_d38662